<?xml version="1.0" encoding="UTF-8"?>
<record
    xmlns:xsi="http://www.w3.org/2001/XMLSchema-instance"
    xsi:schemaLocation="http://www.loc.gov/MARC21/slim http://www.loc.gov/standards/marcxml/schema/MARC21slim.xsd"
    xmlns="http://www.loc.gov/MARC21/slim">

  <leader>02074cam a2200325Ki 4500</leader>
  <datafield tag="999" ind1=" " ind2=" ">
    <subfield code="c">10378</subfield>
    <subfield code="d">10378</subfield>
  </datafield>
  <controlfield tag="001">944463330</controlfield>
  <controlfield tag="003">OCoLC</controlfield>
  <controlfield tag="005">20241126110731.0</controlfield>
  <controlfield tag="008">160314s2016    mnu      b    001 0 eng d</controlfield>
  <datafield tag="020" ind1=" " ind2=" ">
    <subfield code="a">1451496362 (pbk. : alk. paper)</subfield>
  </datafield>
  <datafield tag="020" ind1=" " ind2=" ">
    <subfield code="a">9781451496369 (pbk. : alk. paper)</subfield>
  </datafield>
  <datafield tag="035" ind1=" " ind2=" ">
    <subfield code="a">(OCoLC)944463330</subfield>
  </datafield>
  <datafield tag="040" ind1=" " ind2=" ">
    <subfield code="a">YDXCP</subfield>
    <subfield code="b">eng</subfield>
    <subfield code="e">rda</subfield>
    <subfield code="c">YDXCP</subfield>
    <subfield code="d">WIO</subfield>
    <subfield code="d">OCLCQ</subfield>
    <subfield code="d">WIO</subfield>
    <subfield code="d">BDX</subfield>
    <subfield code="d">OCLCO</subfield>
    <subfield code="d">OCLCF</subfield>
    <subfield code="d">OCLCO</subfield>
    <subfield code="d">LNT</subfield>
    <subfield code="d">LTS</subfield>
  </datafield>
  <datafield tag="050" ind1=" " ind2="4">
    <subfield code="a">BV598</subfield>
    <subfield code="b">.U53 2016</subfield>
  </datafield>
  <datafield tag="082" ind1=" " ind2=" ">
    <subfield code="a">270</subfield>
    <subfield code="b">FER</subfield>
  </datafield>
  <datafield tag="245" ind1="0" ind2="0">
    <subfield code="a">Understandings of the church /</subfield>
    <subfield code="c">Everett Ferguson, volume editor.</subfield>
  </datafield>
  <datafield tag="264" ind1=" " ind2="1">
    <subfield code="a">Minneapolis, MN :</subfield>
    <subfield code="b">Fortress Press,</subfield>
    <subfield code="c">[2016]</subfield>
  </datafield>
  <datafield tag="300" ind1=" " ind2=" ">
    <subfield code="a">xi, 179 pages ;</subfield>
    <subfield code="c">22 cm.</subfield>
  </datafield>
  <datafield tag="336" ind1=" " ind2=" ">
    <subfield code="a">text</subfield>
    <subfield code="b">txt</subfield>
    <subfield code="2">rdacontent</subfield>
  </datafield>
  <datafield tag="337" ind1=" " ind2=" ">
    <subfield code="a">unmediated</subfield>
    <subfield code="b">n</subfield>
    <subfield code="2">rdamedia</subfield>
  </datafield>
  <datafield tag="338" ind1=" " ind2=" ">
    <subfield code="a">volume</subfield>
    <subfield code="2">rdacarrier</subfield>
  </datafield>
  <datafield tag="490" ind1="1" ind2=" ">
    <subfield code="a">Ad fontes: early Christian sources.</subfield>
  </datafield>
  <datafield tag="500" ind1=" " ind2=" ">
    <subfield code="a">Includes bibliographical references (pages 157-162) and indexes.</subfield>
  </datafield>
  <datafield tag="505" ind1="0" ind2=" ">
    <subfield code="a">Introduction -- 1 Clement -- 2 Clement -- Ignatius of Antioch -- Hermas, Shepherd -- Justin Martyr -- Irenaeus -- Letter of the churches of Vienne and Lyons -- Clement of Alexandria -- Tertullian -- Hippolytus -- Pseudo-Clement -- Origen -- Cyprian -- Firmilian -- Methodius -- Eusebius -- Athanasius -- Cyril of Jerusalem -- Basil the Great -- Gregory of Nyssa -- Ephrem the Syrian -- Ambrose -- The Niceno-Constantinopolitan Creed of 381 -- John Chrysostom -- Theodore of Mopsuestia -- Augustine.</subfield>
  </datafield>
  <datafield tag="520" ind1=" " ind2=" ">
    <subfield code="a">Understandings of the Church explores the ways imagery is used by biblical writers and early Christian teachers such as Cyprian, Ignatius of Antioch, Tertullian, Clement of Alexandria, and Origen to describe the concept of church.</subfield>
  </datafield>
  <datafield tag="650" ind1=" " ind2="0">
    <subfield code="a">Church</subfield>
    <subfield code="x">History of doctrines</subfield>
    <subfield code="y">Early church, ca. 30-600</subfield>
    <subfield code="0">https://id.loc.gov/authorities/subjects/sh2008100650</subfield>
    <subfield code="v">Sources.</subfield>
    <subfield code="0">https://id.loc.gov/authorities/subjects/sh2002012007</subfield>
    <subfield code="9">18030</subfield>
  </datafield>
  <datafield tag="700" ind1="1" ind2=" ">
    <subfield code="a">Ferguson, Everett,</subfield>
    <subfield code="d">1933-</subfield>
    <subfield code="0">https://id.loc.gov/authorities/names/n84074969</subfield>
    <subfield code="e">editor.</subfield>
    <subfield code="9">111</subfield>
  </datafield>
  <datafield tag="830" ind1=" " ind2="0">
    <subfield code="a">Ad fontes (Minneapolis, Minn.)</subfield>
    <subfield code="0">https://id.loc.gov/authorities/names/no2017018720</subfield>
    <subfield code="9">18029</subfield>
  </datafield>
  <datafield tag="942" ind1=" " ind2=" ">
    <subfield code="2">ddc</subfield>
    <subfield code="c">BK</subfield>
  </datafield>
  <datafield tag="952" ind1=" " ind2=" ">
    <subfield code="0">0</subfield>
    <subfield code="1">0</subfield>
    <subfield code="2">ddc</subfield>
    <subfield code="4">0</subfield>
    <subfield code="7">0</subfield>
    <subfield code="a">GBC</subfield>
    <subfield code="b">GBC</subfield>
    <subfield code="c">CH</subfield>
    <subfield code="d">2024-07-08</subfield>
    <subfield code="l">1</subfield>
    <subfield code="o">270 FER</subfield>
    <subfield code="p">020752</subfield>
    <subfield code="r">2025-08-04 14:43:33</subfield>
    <subfield code="s">2025-08-01</subfield>
    <subfield code="t">c.1</subfield>
    <subfield code="w">2024-07-08</subfield>
    <subfield code="y">BK</subfield>
  </datafield>
  <datafield tag="952" ind1=" " ind2=" ">
    <subfield code="0">0</subfield>
    <subfield code="1">0</subfield>
    <subfield code="2">ddc</subfield>
    <subfield code="4">0</subfield>
    <subfield code="7">0</subfield>
    <subfield code="a">GBC</subfield>
    <subfield code="b">GBC</subfield>
    <subfield code="c">CH</subfield>
    <subfield code="d">2025-11-20</subfield>
    <subfield code="l">2</subfield>
    <subfield code="o">270 FER</subfield>
    <subfield code="p">017332</subfield>
    <subfield code="r">2026-02-12 10:48:32</subfield>
    <subfield code="s">2026-02-11</subfield>
    <subfield code="t">c.2</subfield>
    <subfield code="w">2025-11-20</subfield>
    <subfield code="y">BK</subfield>
  </datafield>
</record>
